| 000 | 00733nam a2200217 u 4500 | ||
|---|---|---|---|
| 001 | 000297497 | ||
| 003 | AM-YeHGA | ||
| 005 | 20250618071926.0 | ||
| 008 | 031225s1966 ai r 000 0 arm d | ||
| 040 | _aAM-YeHGA | ||
| 041 | 0 | _aarm | |
| 080 | _aАр2 | ||
| 090 | _aԱ-16 | ||
| 100 | 1 | _aԱբրահամյան, Մարո | |
| 245 | 1 | 0 |
_aՀեռախոսը : _b[Մանկական պատմվածքներ] / _cՄ. Աբրահամյան; Նկ.՝ Գ. Աղասյան. |
| 260 |
_aԵրևան : _bՀայաստան, _c1966. |
||
| 300 |
_a16 էջ : _bնկ. ; _c30 սմ. |
||
| 650 | 1 | 4 |
_aՀայ մանկական գրականություն _95413 |
| 700 | 1 |
_aԱղասյան, Գրիգոր Խորենի, _d1926- _eնկ. _4art _92438 |
|
| 090 | _c110554 | ||
| 999 |
_c109222 _d109222 |
||